[Event "New York op"]
[Site "New York"]
[Date "1985.??.??"]
[Round "5"]
[White "Alburt, Lev O"]
[Black "Adorjan, Andras"]
[Result "1-0"]
[WhiteElo "2535"]
[BlackElo "2565"]

1.d4 Nf6 2.c4 e6 3.g3 Bb4+ 4.Nd2 c5 5.Nf3 cxd4 6.Nxd4 Qb6 7.a3 Bxd2+ 8.Qxd2 Nc6
9.e3 O-O 10.b4 Nxd4 11.Qxd4 Qc6 12.Rg1 d6 13.Bg2 Qc7 14.c5 dxc5 15.Qxc5 Qxc5
16.bxc5 Bd7 17.Bxb7 Rab8 18.c6 Bc8 19.Rb1 Bxb7 20.c7 Rbc8 21.Rxb7 Ne8 22.Rxa7 Nxc7
23.Ke2 Nb5 24.Rb7 Nd6 25.Rb2 h6 26.Bd2 Nc4 27.Ra2 Nxd2 28.Kxd2 Rfd8+ 29.Ke2 Rc3
30.Rd1 Ra8 31.Rd3 Rc5 32.Kd2 g5 33.Rd4 Kg7 34.h4 Kg6 35.a4 Rac8 36.a5 Ra8
37.a6 Rc6 38.a7 Rc7 39.Rda4 Kh5 40.Kd3 Kg6 41.Kd4 Kf6 42.f4 gxh4 43.gxh4 Rd8+
44.Ke4 Ra8 45.f5 exf5+ 46.Kf4 Rc5 47.Ra6+ Kg7 48.h5 Rc7 49.Kxf5 Rb7 50.e4 Rc7
51.e5 Re7 52.Rg2+ Kf8 53.Rxh6 Rexa7 54.Rh8+ Ke7 55.Rxa8 Rxa8 56.h6 Rh8 57.Rh2 Rh7
58.Rh1 Kf8 59.Kf6 Kg8 60.Ke7 f5+ 61.Kf6 f4 62.e6 Kf8 63.Kg6  1-0

[Event "New York op"]
[Site "New York"]
[Date "1985.??.??"]
[Round "6"]
[White "Kudrin, Sergey"]
[Black "Alburt, Lev O"]
[Result "1/2-1/2"]
[WhiteElo "2485"]
[BlackElo "2535"]

1.e4 Nf6 2.e5 Nd5 3.d4 d6 4.Nf3 g6 5.Bc4 Nb6 6.Bb3 Bg7 7.Ng5 e6 8.f4 dxe5
9.fxe5 c5 10.c3 cxd4 11.O-O O-O 12.cxd4 Nc6 13.Nf3 f6 14.exf6 Qxf6 15.Be3 Nd5
16.Bf2 Nf4 17.Kh1 b6 18.Be3 Ba6 19.Rf2 Rad8 20.Nc3 Kh8 21.Ne4 Qe7 22.Qc1 Nd3
23.Qxc6 Bb7 24.Qxe6 Qxe6 25.Bxe6 Bxe4 26.Rd2 h6 27.Bb3 Rde8 28.Ne5 Nxe5 29.dxe5 Rxe5
30.Bd4 Re7 31.Bxg7+ Kxg7 32.Kg1 Bf5  1/2-1/2

[Event "New York op"]
[Site "New York"]
[Date "1985.??.??"]
[Round "8"]
[White "Ljubojevic, Ljubomir"]
[Black "Alburt, Lev O"]
[Result "1-0"]
[WhiteElo "2595"]
[BlackElo "2535"]

1.e4 Nf6 2.e5 Nd5 3.d4 d6 4.Nf3 g6 5.Bc4 Nb6 6.Bb3 Bg7 7.Ng5 e6 8.Qf3 Qe7
9.Ne4 dxe5 10.Bg5 Qb4+ 11.c3 Qa5 12.Bf6 Bxf6 13.Qxf6 O-O 14.Qxe5 Nc6 15.Qxc7 Nxd4
16.O-O Nxb3 17.axb3 Qxa1 18.Nf6+ Kg7 19.Qe5 Rd8 20.Nd2 Qxb2 21.Nde4 Qe2 22.Nd7+ Kh6
23.Qg5+ Kg7 24.Qf6+ Kh6 25.Ne5 Rf8 26.f3 Qe3+ 27.Kh1 Nd7 28.Ng4+ Kh5 29.Ng3+  1-0

[Event "World op"]
[Site "Philadelphia"]
[Date "1985.??.??"]
[Round "?"]
[White "Odendahl, Steven M"]
[Black "Alburt, Lev O"]
[Result "1-0"]
[WhiteElo "2380"]
[BlackElo "2535"]

1.Nf3 Nf6 2.c4 e6 3.d4 a6 4.Bg5 c5 5.e3 h6 6.Bh4 b6 7.Nc3 Be7 8.d5 Nxd5 9.Nxd5 Bxh4
10.Nxh4 exd5 11.Qxd5 O-O 12.Ng6 Bb7 13.Qxb7 Nc6 14.Nxf8 Ra7 15.Qxa7 Nxa7
16.Rd1 Kxf8 17.Be2 Nc6 18.O-O Qc7 19.Rd2 Qe5 20.Bf3 Nb8 21.g3 b5 22.Rc1 b4
23.a3 a5 24.axb4 cxb4 25.c5 g6 26.Rc4 Qf5 27.Be4 Qf6 28.Bd5 g5 29.b3 Nc6
30.Bxc6 dxc6 31.Ra2 Qf3 32.Rd4 Qf5 33.Rxa5 Qb1+ 34.Kg2 Qxb3 35.Ra8+ Kg7 36.Rb8 Qc3
37.Rbxb4 Qxc5 38.Rbc4 Qb5 39.Rc1 h5 40.h4 gxh4 41.Rxh4 Qd5+ 42.Kg1 f6 43.Rhc4 Qf5
44.Rc5 Qf3 45.R1c4 Kg6 46.Rxc6 Qd1+ 47.Kh2 Qf3 48.Rc2 Qe4 49.R6c4 Qd3 50.Rc1 Qd2
51.Kg1 Kg5 52.Rf1 Qa2 53.Rf4 Qd5 54.Rb1 Qc5 55.Ra1 Qd5 56.Ra6 f5 57.Rh4 Qf3
58.Rd6 f4 59.exf4+ Kf5 60.Rxh5+  1-0

[Event "New York op"]
[Site "New York"]
[Date "1986.??.??"]
[Round "?"]
[White "Alburt, Lev O"]
[Black "Gurevich, Dmitry"]
[Result "1/2-1/2"]
[WhiteElo "2515"]
[BlackElo "2475"]

1.d4 Nf6 2.c4 e6 3.g3 c5 4.d5 exd5 5.cxd5 d6 6.Nc3 g6 7.Nf3 Bg7 8.Bg2 O-O
9.O-O Na6 10.Nd2 Nc7 11.Nc4 Nfe8 12.Bf4 b5 13.Na5 b4 14.Ne4 Bxb2 15.Nc6 Qd7
16.Rb1 Bg7 17.Nxc5 dxc5 18.d6 Ne6 19.Ne7+ Kh8 20.Bc6 Qd8 21.Bxa8 Nxf4 22.gxf4 Bh3
23.Bg2 Bxg2 24.Kxg2 Nxd6 25.Nc6 Qf6 26.e3 Qe6 27.Nxa7 Nf5 28.Qa4 Ra8 29.Rbd1 Nh4+
30.Kg3 Nf5+ 31.Kg2 h5 32.h3 Kh7 33.Rd7 c4 34.Qc6 Nxe3+ 35.fxe3 Rxa7 36.Qxe6 Rxa2+
37.Kf3 fxe6 38.Rb7 b3 39.Rd1 b2 40.Rdd7 Kh8 41.Rd8+ Kh7 42.Rdd7 Kh8 43.Rd8+  1/2-1/2

[Event "New York op"]
[Site "New York"]
[Date "1986.??.??"]
[Round "?"]
[White "Schroer, Jonathan"]
[Black "Alburt, Lev O"]
[Result "0-1"]
[WhiteElo "2370"]
[BlackElo "2515"]

1.d4 Nf6 2.c4 c5 3.d5 b5 4.Nf3 Bb7 5.a4 b4 6.Nbd2 d6 7.e4 e5 8.g3 g6 9.Bg2 Bg7
10.O-O O-O 11.Ne1 Nbd7 12.Nd3 Nh5 13.Bf3 Ndf6 14.Re1 Re8 15.Nf1 Bf8 16.b3 Bc8
17.Bg2 a5 18.h3 Nd7 19.Ra2 Ng7 20.f4 Ra7 21.Rae2 f6 22.Bb2 Nb6 23.Rf2 Rf7
24.Ne3 Ree7 25.Ref1 Ne8 26.h4 exf4 27.gxf4 Bh6 28.h5 Nd7 29.Qf3 Nf8 30.Re1 Ng7
31.hxg6 hxg6 32.Rfe2 Qd7 33.Nf2 Nh5 34.f5 Nf4 35.Rc2 Bg5 36.fxg6 N8xg6 37.Nf5 Qxf5
38.exf5 Rxe1+ 39.Bf1 Nh4 40.Qg3 Nxf5 41.Qf3 Re3  0-1

[Event "Philadelphia op"]
[Site "Philadelphia"]
[Date "1986.??.??"]
[Round "?"]
[White "Alburt, Lev O"]
[Black "Hjartarson, Johann"]
[Result "0-1"]
[WhiteElo "2515"]
[BlackElo "2505"]

1.d4 Nf6 2.c4 e6 3.g3 c5 4.d5 exd5 5.cxd5 d6 6.Nc3 g6 7.Bg2 Bg7 8.Nf3 O-O
9.O-O a6 10.a4 Nbd7 11.Re1 Qc7 12.Nd2 Rb8 13.a5 b5 14.axb6 Nxb6 15.Ra2 Nfd7
16.Qc2 c4 17.Nde4 h6 18.Bf4 Ne5 19.h4 Nbd7 20.Nd1 Bb7 21.Ne3 Rbc8 22.g4 Nc5
23.Nd2 Ncd3 24.exd3 Nxd3 25.Qxc4 Nxe1 26.Qxc7 Rxc7 27.Bf1 Rc1 28.Nb3 Nf3+
29.Kg2 Nxh4+ 30.Kg3 Rxf1 31.Nxf1 Bxd5 32.Nfd2 g5 33.Rxa6 gxf4+ 34.Kxh4 Rb8
35.Na5 Rxb2 36.Ndc4 Rxf2 37.Kh3 Bg2+ 38.Kh2 Bb7+ 39.Kg1 Bxa6 40.Kxf2 Bc3  0-1

[Event "Somerset op"]
[Site "Somerset"]
[Date "1986.??.??"]
[Round "1"]
[White "Chernin, Alexander"]
[Black "Alburt, Lev O"]
[Result "1-0"]
[WhiteElo "2570"]
[BlackElo "2515"]

1.c4 Nf6 2.g3 c5 3.Bg2 e6 4.Nf3 Be7 5.O-O O-O 6.d4 cxd4 7.Nxd4 a6 8.b3 Ra7
9.e4 d6 10.Qe2 Qc7 11.Be3 Ra8 12.Nc3 Nbd7 13.Rac1 Re8 14.h3 Bf8 15.g4 Nb8
16.f4 Nc6 17.Nxc6 bxc6 18.g5 Nd7 19.h4 Bb7 20.Qf2 c5 21.h5 Bc6 22.f5 Ne5
23.Qg3 a5 24.Bf4 a4 25.g6 exf5 26.exf5 Bxg2 27.Qxg2 fxg6 28.hxg6 Qd8 29.Nxa4 Qh4
30.Rc3 Qg4 31.Rg3 Qxf5 32.Bh6 Qe6 33.gxh7+ Kh8 34.Rxf8+ Rxf8 35.Bxg7+ Kxh7
36.Bxf8  1-0

[Event "USA-op"]
[Site "Los Angeles"]
[Date "1987.??.??"]
[Round "1"]
[White "Alburt, Lev O"]
[Black "Jellison, David"]
[Result "1-0"]
[WhiteElo "2570"]
[BlackElo "2270"]

1.d4 d5 2.Nf3 e6 3.g3 c5 4.Bg2 Nc6 5.O-O Nf6 6.c4 Be7 7.cxd5 exd5 8.Be3 b6
9.dxc5 Bxc5 10.Nd4 Ne5 11.Nc3 h6 12.Bf4 Bxd4 13.Qxd4 Nc6 14.Qa4 Bb7 15.Nb5 O-O
16.Nd6 Qe7 17.Rac1 g5 18.Nxb7 b5 19.Qa6 Nd4 20.Bd6 Qe6 21.Nc5 Nxe2+ 22.Kh1 Qf5
23.Bxf8 Nxc1 24.Be7 Ng4 25.f3 Ne3 26.Rxc1 Kg7 27.Qc6 Nxg2 28.Kxg2 g4 29.fxg4  1-0

[Event "USA-op"]
[Site "Los Angeles"]
[Date "1987.??.??"]
[Round "6"]
[White "Alburt, Lev O"]
[Black "Koploy, Paul"]
[Result "1-0"]
[WhiteElo "2570"]
[BlackElo "2275"]

1.d4 d5 2.Nf3 Nf6 3.c4 c6 4.Nc3 e6 5.g3 Nbd7 6.Bg2 Be7 7.O-O O-O 8.Qc2 b6
9.cxd5 cxd5 10.Bf4 a6 11.Rfc1 Bb7 12.Na4 Rc8 13.Bc7 Qe8 14.Qb3 b5 15.Nb6 Nxb6
16.Bxb6 Rc4 17.Qd1 Qc6 18.Bc5 Bxc5 19.Ne5 Rxc1 20.Qxc1 Qc7 21.Qxc5 Rc8 22.Nd3 Qb8
23.Qa3 Nd7 24.Bf1 Rc7 25.e3 Qf8 26.Qa5 Qd6 27.a4 bxa4 28.Qxa4 h6 29.b4 Bc8
30.Nc5 Nb8 31.Qe8+ Kh7 32.Bd3+ g6 33.b5 axb5 34.Ra8 Qc6 35.Qd8 Nd7 36.Na6 Qxa8
37.Nxc7 Qb7 38.Qe7 Kg8 39.Bxg6 Ne5 40.Qd8+ Kg7  1-0

[Event "USA-op"]
[Site "Los Angeles"]
[Date "1987.??.??"]
[Round "7"]
[White "Root, Douglas"]
[Black "Alburt, Lev O"]
[Result "1/2-1/2"]
[WhiteElo "2410"]
[BlackElo "2570"]

1.d4 Nf6 2.Nf3 c5 3.d5 e6 4.Nc3 b5 5.dxe6 fxe6 6.Nxb5 d5 7.e3 a6 8.Nc3 Nc6
9.g3 e5 10.Bg2 e4 11.Nd2 Bg4 12.f3 exf3 13.Nxf3 Qd7 14.O-O Be7 15.e4 d4 16.Nd5 Rd8
17.Nxf6+ Bxf6 18.e5 Be7 19.Qe2 Nb4 20.a3 d3 21.cxd3 Qxd3 22.Qf2 Nd5 23.Ne1 Qd4
24.Nc2 Qxf2+ 25.Rxf2 Be6 26.Ne3 Rf8 27.Rxf8+ Kxf8 28.Nxd5 Bxd5 29.Bf4 g5
30.Be3 Bxg2 31.Kxg2 Rd5 32.Rf1+ Kg7 33.e6 Bf6 34.b3 Re5 35.Bf2 g4 36.Rc1 Rxe6
37.Rxc5 Kg6 38.b4 Rd6 39.Kf1 h5 40.Ke2 Re6+ 41.Kd3 Rd6+ 42.Kc2 Bg5 43.Kb3 Bf6
44.Rc2 Kf5 45.a4 Rd3+ 46.Kc4 Ra3 47.a5 Ke6 48.Bd4 Bxd4 49.Kxd4 Kd7 50.Kc5 Kc7
51.Re2 Rc3+ 52.Kd4 Rf3 53.Re6 Kb7 54.Rb6+ Ka7 55.Rh6 Rf5 56.Rh7+ Kb8 57.Re7 Rf2
58.Kc5 Rf5+ 59.Kd6 Rf6+ 60.Kd5 Rf2 61.Rh7 Rxh2 62.Kc6 h4 63.gxh4 Rf2 64.Rg7 Rf4
65.Rg6 Rc4+ 66.Kd7 g3 67.h5 Rh4  1/2-1/2

[Event "New York op"]
[Site "New York"]
[Date "1987.??.??"]
[Round "?"]
[White "Schussler, Harry"]
[Black "Alburt, Lev O"]
[Result "0-1"]
[WhiteElo "2470"]
[BlackElo "2575"]

1.d4 Nf6 2.Nf3 a6 3.c4 c5 4.d5 b5 5.Qc2 e6 6.e4 exd5 7.exd5 Be7 8.Nc3 b4
9.Ne4 d6 10.Ng3 O-O 11.h3 Re8 12.Bd3 Bf8+ 13.Be3 Nbd7 14.O-O Ne5 15.Nxe5 Rxe5
16.a3 bxa3 17.Rxa3 g6 18.Bf4 Re8 19.Bg5 Rb8 20.b3 Be7 21.Bd2 Bf8 22.Bg5 Be7
23.Bd2 Bf8 24.f4 Bg7 25.f5 Nd7 26.Ne4 Be5 27.Ng5 Bd4+ 28.Kh1 Ne5 29.f6 Nxd3
30.Qxd3 Bxf6 31.Ne4 Bh4 32.Qf3 f5 33.Ng3 Bf6 34.Ba5 Qe7 35.Re1 Be5 36.Bc3 Qg7
37.Raa1 Bb7 38.Bxe5 Rxe5 39.Qf2 Rbe8 40.Nf1  0-1

[Event "US op"]
[Site "?"]
[Date "1987.??.??"]
[Round "12"]
[White "Alburt, Lev O"]
[Black "Rachels, Stuart"]
[Result "1/2-1/2"]
[WhiteElo "2575"]
[BlackElo "2355"]

1.d4 Nf6 2.Nf3 e6 3.g3 d5 4.Bg2 Be7 5.O-O O-O 6.c4 dxc4 7.Qc2 a6 8.Qxc4 b5
9.Qc2 Bb7 10.Bd2 Be4 11.Qc1 Bb7 12.Rd1 Qc8 13.a4 c5 14.axb5  1/2-1/2

[Event "US op"]
[Site "Boston"]
[Date "1988.??.??"]
[Round "?"]
[White "Lein, Anatoly"]
[Black "Alburt, Lev O"]
[Result "1/2-1/2"]
[WhiteElo "2475"]
[BlackElo "2535"]

1.d4 Nf6 2.Nf3 e6 3.e3 c5 4.Bd3 Qc7 5.Nbd2 d6 6.O-O Nbd7 7.c3 g6 8.e4 Bg7
9.Re1 O-O 10.Nf1 b6 11.Ng3 Bb7 12.Bg5 h6 13.Be3 Rfe8 14.Nd2 a6 15.a4 Nb8
16.Rc1 Nc6 17.b4 Qd8 18.b5 axb5 19.Bxb5 Re7 20.f4 Na7 21.Bf1 Bc6 22.Bf2 Nc8
23.Bb5 Qe8 24.c4 Bxb5 25.axb5 cxd4 26.e5 dxe5 27.fxe5 Nd7 28.Bxd4 Nc5 29.Bxc5 bxc5
30.Nf3 Rd7 31.Qe2 Nb6 32.Ne4 Qe7 33.Rf1 Rda7 34.Nf6+ Bxf6 35.exf6 Qxf6 36.Qe3 Ra2
37.Qxc5 Qb2 38.Qf2 Nd7 39.Qxb2 Rxb2 40.Rf2 Rxf2 41.Kxf2 Ra2+ 42.Ke3 Rxg2
43.c5 Rb2 44.c6 Nb6 45.Rc5 Kf8 46.c7 Nc8 47.Ne5 Ke7 48.Nc4 Rb3+ 49.Kd2 Kd7
50.Kc2 Rb4 51.Kc3 Rb1 52.Kc2 Rb4 53.Kc3  1/2-1/2

[Event "US op"]
[Site "Boston"]
[Date "1988.??.??"]
[Round "?"]
[White "Kopec, Danny"]
[Black "Alburt, Lev O"]
[Result "1/2-1/2"]
[WhiteElo "2405"]
[BlackElo "2535"]

1.d4 Nf6 2.Nf3 e6 3.Bg5 c5 4.e3 Qb6 5.Nbd2 Qxb2 6.Bxf6 gxf6 7.Bd3 Qb6 8.Rb1 Qd8
9.c4 Nc6 10.O-O b6 11.d5 Ne7 12.e4 Ng6 13.Re1 Bd6 14.e5 Bxe5 15.Nxe5 fxe5
16.Qf3 Rb8 17.Bxg6 hxg6 18.Rxe5 Qh4 19.h3 d6 20.dxe6 Bxe6 21.Qc6+ Kf8 22.Qxd6+ Kg7
23.Rxe6 fxe6 24.Nf3 Qd8 25.Qe5+ Qf6 26.Qc7+ Qf7 27.Qe5+ Qf6 28.Qc7+  1/2-1/2

[Event "US op"]
[Site "Boston"]
[Date "1988.??.??"]
[Round "?"]
[White "Alburt, Lev O"]
[Black "Larsen, Kenneth"]
[Result "1-0"]
[WhiteElo "2535"]
[BlackElo "2320"]

1.d4 Nf6 2.c4 g6 3.Nc3 Bg7 4.e4 d6 5.Be2 O-O 6.Bg5 c5 7.d5 b5 8.cxb5 a6 9.a4 Qa5
10.Bd2 Nbd7 11.Qc2 e6 12.dxe6 fxe6 13.Nf3 axb5 14.Bxb5 Qc7 15.Qb3 Kh8 16.O-O d5
17.exd5 Ng4 18.h3 Rxf3 19.hxg4 Ne5 20.d6 Qxd6 21.Ne4 Rxb3 22.Nxd6 Nxg4 23.Bc3 Ba6
24.Ne4 Bxc3 25.bxc3 Bxb5 26.axb5 Rxa1 27.Rxa1 Rxb5 28.f3 Ne3 29.Ra7 Kg8 30.Nf6+ Kf8
31.Nxh7+ Ke8 32.Nf6+ Kf8 33.Ra2 Rb1+ 34.Kh2 c4 35.Kg3 Rc1 36.Kf4 Rxc3 37.Ke5 Nf5
38.Ra8+ Kf7 39.Ra7+ Kf8 40.Ne4 Re3 41.Kf6 Ke8 42.Nc5 Kd8 43.Nxe6+ Kc8 44.Rc7+ Kb8
45.Rxc4 Re2 46.Nf4 Rb2 47.Kxg6 Ne3 48.Rd4 Nxg2 49.Nxg2 Rxg2+ 50.Kf6  1-0

[Event "New York op"]
[Site "New York"]
[Date "1988.??.??"]
[Round "?"]
[White "Alburt, Lev O"]
[Black "Stone, Raymond"]
[Result "1-0"]
[WhiteElo "2535"]
[BlackElo "2415"]

1.d4 Nf6 2.c4 g6 3.Nc3 d5 4.cxd5 Nxd5 5.e4 Nxc3 6.bxc3 c5 7.Bb5+ Bd7 8.Be2 Bg7
9.Nf3 cxd4 10.cxd4 Qa5+ 11.Bd2 Qa4 12.Qxa4 Bxa4 13.O-O Nc6 14.Be3 O-O 15.Rfc1 Rfd8
16.e5 Rd7 17.Rab1 Nd8 18.Ne1 Bc6 19.Nd3 Be4 20.Rb3 Ne6 21.Nc5 Nxd4 22.Rb2 Nxe2+
23.Rxe2 Bc6 24.Nxd7 Bxd7 25.Rc7 Bc6 26.Rxe7 Bf8 27.Rc7 Re8 28.h4 Bb4 29.Bg5  1-0

[Event "New York op"]
[Site "New York"]
[Date "1988.??.??"]
[Round "?"]
[White "Alburt, Lev O"]
[Black "Rodriguez Vargas, Orestes"]
[Result "0-1"]
[WhiteElo "2535"]
[BlackElo "2420"]

1.d4 d5 2.Nf3 Nf6 3.c4 e6 4.g3 dxc4 5.Bg2 Nbd7 6.O-O a6 7.a4 Bb4 8.Qc2 c5
9.Nbd2 cxd4 10.Nxc4 O-O 11.Rd1 Re8 12.Rxd4 Qc7 13.Bd2 Bc5 14.Rh4 e5 15.Rc1 Bf8
16.Qb1 Qb8 17.g4 g6 18.g5 Nh5 19.a5 Nf4 20.Bf1 b5 21.axb6 Bb7 22.Rd1 Nd5
23.Ba5 Bc6 24.Qc2 Qb7 25.Bc3 Nb4 26.Qb3 a5 27.Ncxe5 Bd5 28.Rxd5 Nxd5 29.Nxd7 Qxd7
30.Bh3 Qb7 31.Bg2 Nxc3 32.Nd4 Ne4 33.Qd3 Qxb6 34.Bxe4 Rad8 35.e3 Bg7 36.Bf3 Qxb2
37.Kg2 a4 38.Qc4 a3 39.Bd5 Rxd5 40.Qxd5 a2 41.Qd7 Rb8  0-1

[Event "New York op"]
[Site "New York"]
[Date "1988.??.??"]
[Round "?"]
[White "Abramovic, Bosko"]
[Black "Alburt, Lev O"]
[Result "1-0"]
[WhiteElo "2460"]
[BlackElo "2535"]

1.e4 Nf6 2.e5 Nd5 3.d4 d6 4.Nf3 Bg4 5.Be2 e6 6.O-O Be7 7.c4 Nb6 8.Nc3 O-O
9.Be3 d5 10.c5 Bxf3 11.gxf3 Nc8 12.f4 Nc6 13.Rb1 Bxc5 14.dxc5 d4 15.Ne4 dxe3
16.fxe3 Qxd1 17.Rfxd1 N8e7 18.Kf2 Rfd8 19.Nc3 Kf8 20.Bf3 Ke8 21.Ke2 Rxd1
22.Rxd1 Rd8 23.Rg1 Kf8 24.Rb1 Rd7 25.b4 h6 26.b5 Na5 27.Rb4 b6 28.c6 Rd8
29.Rd4 Ke8 30.Be4 Nc8 31.Bc2 Ne7 32.a4 Ng6 33.Bxg6 fxg6 34.Rb4 Ke7 35.Ne4 Rd5
36.h4 Ke8 37.Nd2 Ke7 38.Rd4 Rd8 39.Kd3 Ke8 40.Kc3 Ke7 41.Ne4 Ke8 42.Nd2 Ke7
43.Kd3 Ke8 44.Ke4 Ke7 45.Kf3 Rd5 46.Kg4 Rd8 47.Rxd8 Kxd8 48.Kf3 h5 49.Ke4  1-0

[Event "New York op"]
[Site "New York"]
[Date "1988.??.??"]
[Round "?"]
[White "Strikovic, Aleksa"]
[Black "Alburt, Lev O"]
[Result "0-1"]
[WhiteElo "2450"]
[BlackElo "2535"]

1.e4 Nf6 2.e5 Nd5 3.d4 d6 4.Bc4 Nb6 5.Bb3 Bf5 6.Qf3 Qc8 7.Qg3 c5 8.dxc5 dxc5
9.c3 c4 10.Bd1 Nc6 11.Nf3 Bd3 12.Be3 Nd5 13.Nd4 e6 14.Nd2 Nxe3 15.Qxe3 Bc5
16.Ba4 O-O 17.Nxc6 Bxe3 18.Ne7+ Kh8 19.Nxc8 Bxd2+ 20.Kxd2 Raxc8 21.Ke3 Rc5
22.f4 g5 23.g3 f6 24.b4 Rd5 25.exf6 Rxf6 26.Rae1 gxf4+ 27.gxf4 Rdf5 28.Kd4 Rxf4+
29.Ke5 R4f5+ 30.Kd6 e5+ 31.Ke7 e4 32.Be8 Rf1 33.Rg1 Rxe1 34.Rxe1 Rf1 35.Re3 Rf3
36.Re1 Kg7 37.Rg1+ Kh6 38.h4 e3 39.Rg5 Rf5 40.Rg1 e2  0-1

[Event "World op"]
[Site "Philadelphia"]
[Date "1988.??.??"]
[Round "?"]
[White "Popovych, Orest"]
[Black "Alburt, Lev O"]
[Result "1/2-1/2"]
[WhiteElo "2310"]
[BlackElo "2535"]

1.e4 Nf6 2.e5 Nd5 3.d4 d6 4.Nf3 g6 5.Bc4 Nb6 6.Bb3 Bg7 7.a4 d5 8.a5 Nc4 9.Nbd2 Nxd2
10.Bxd2 O-O 11.O-O Bg4 12.h3 Bxf3 13.Qxf3 e6 14.Bb4 Re8 15.Ba4 c6 16.c4 f6
17.exf6 Bxf6 18.Rfe1 Bg7 19.Qg3 Nd7 20.Bd6 Nf6 21.Bc2 Qd7 22.Be5 Rf8 23.Qg5 Rac8
24.g4 Rf7 25.Re3 Rcf8 26.Rf1 Ne8  1/2-1/2

[Event "World op"]
[Site "Philadelphia"]
[Date "1988.??.??"]
[Round "?"]
[White "Friedman, Aviv"]
[Black "Alburt, Lev O"]
[Result "0-1"]
[WhiteElo "2300"]
[BlackElo "2535"]

1.e4 Nf6 2.e5 Nd5 3.c4 Nb6 4.d4 d6 5.exd6 cxd6 6.Nc3 g6 7.h3 Bg7 8.Nf3 O-O
9.Be3 Bf5 10.Rc1 d5 11.c5 Nc4 12.Bxc4 dxc4 13.O-O Bd3 14.Re1 Nc6 15.b3 e6
16.Nb5 a6 17.Nd6 b5 18.bxc4 Bxc4 19.Nxc4 bxc4 20.Rxc4 Qd5 21.Qa4 Rfb8 22.Bf4 Rb2
23.Be5 f6 24.Bd6 g5 25.a3 h5 26.Rd1 Ra7 27.Ne1 Rab7 28.Rc2 Rb1 29.Rcd2 g4
30.Nc2 Bh6 31.Ne3 Bxe3 32.fxe3 gxh3 33.gxh3 R7b2 34.Kf2 Rxd2+ 35.Rxd2 Qh1
36.Qc2 Kg7 37.Kg3 h4+ 38.Kxh4 Rg1 39.e4 Rg5 40.Qd3 Ne7 41.Bxe7  0-1

[Event "World op"]
[Site "Philadelphia"]
[Date "1988.??.??"]
[Round "?"]
[White "Valvo, Michael J"]
[Black "Alburt, Lev O"]
[Result "1-0"]
[WhiteElo "2390"]
[BlackElo "2535"]

1.e4 Nf6 2.e5 Nd5 3.d4 d6 4.c4 Nb6 5.f4 dxe5 6.fxe5 Nc6 7.Be3 Bf5 8.Nc3 e6
9.Nf3 Bg4 10.Be2 Bxf3 11.gxf3 Qh4+ 12.Bf2 Qf4 13.Qc1 Qxc1+ 14.Rxc1 O-O-O
15.Rd1 g6 16.a3 Bh6 17.b4 Rd7 18.Ne4 Rhd8 19.c5 Nd5 20.b5 Nce7 21.c6 bxc6
22.bxc6 Nxc6 23.Bb5 Nde7 24.Ba6+  1-0

[Event "USA-ch"]
[Site "?"]
[Date "1988.??.??"]
[Round "?"]
[White "Kudrin, Sergey"]
[Black "Alburt, Lev O"]
[Result "0-1"]
[WhiteElo "2545"]
[BlackElo "2525"]

1.e4 Nf6 2.e5 Nd5 3.d4 d6 4.Nf3 g6 5.Bc4 Nb6 6.Bb3 Bg7 7.a4 c6 8.exd6 exd6
9.Bg5 f6 10.Bf4 Qe7+ 11.Kd2 d5 12.Re1 Be6 13.Ke2 Kf7 14.Kf1 Qd7 15.Nbd2 a5
16.Re3 Na6 17.h3 Rhe8 18.Qe2 Kg8 19.c3 Bf7 20.Bc2 Nc7 21.Nh2 Nc4 22.Nxc4 dxc4
23.Re1 Nd5 24.Rxe8+ Rxe8 25.Qf3 Rxe1+ 26.Kxe1 Qe6+ 27.Kd1 g5 28.Bg3 Bg6 29.Qg4 Kf7
30.Nf3 b5 31.Nd2 Bf8 32.axb5 cxb5 33.Bb8 a4 34.Qxe6+ Kxe6 35.Bxg6 hxg6 36.Kc2 a3
37.bxa3 Bxa3 38.Ne4 Be7 39.Nd2 Bd8 40.Nb1 Ba5 41.g4 b4 42.Bg3 b3+ 43.Kb2 Kd7
44.h4 gxh4 45.Bxh4 Kc6 46.f3 Bc7 47.Na3 g5 48.Bxg5 fxg5 49.Nxc4 Nf4 50.Kxb3 Nd3
51.Nd2 Ne1 52.c4 Bf4 53.Kc3 Kd6 54.Ne4+ Ke7 55.c5 Ke6 56.Kc4 Nxf3 57.d5+ Ke5
58.Nc3 Nd2+ 59.Kb5 Kd4 60.Kb4 Nc4 61.d6 Bd2  0-1

[Event "USA-ch"]
[Site "?"]
[Date "1988.??.??"]
[Round "?"]
[White "Gulko, Boris F"]
[Black "Alburt, Lev O"]
[Result "1/2-1/2"]
[WhiteElo "2590"]
[BlackElo "2525"]

1.Nf3 Nf6 2.g3 c5 3.Bg2 Nc6 4.O-O e5 5.c4 d5 6.Qa4 Bd6 7.Ng5 O-O 8.cxd5 Nd4
9.Qd1 Bg4 10.Nc3 h6 11.f3 Bh5 12.Nge4 Nxe4 13.Nxe4 f5 14.Nxd6 Qxd6 15.e3 Nb5
16.Qb3 Qd7 17.d3 Nd6 18.Bd2 Rac8 19.Rac1 b5 20.e4 a5 21.Qc3 b4 22.Qb3 Qb5
23.Be3 a4 24.Qc2 c4 25.dxc4 Rxc4 26.Qd3 fxe4 27.fxe4 Rfc8 28.Rxc4 Rxc4 29.Re1 b3
30.axb3 axb3 31.Bf1 Qa4 32.Bf2 Rc2 33.g4 Bg6 34.Qa6 Qxa6 35.Bxa6 Bxe4 36.Bg3 Rxb2
37.Bxe5 Rg2+ 38.Kf1 b2 39.Bd3 Rxg4 40.Bxe4 Rxe4 41.Bxb2 Rxe1+ 42.Kxe1 Kf7
43.Ke2 g5 44.Kd3 h5 45.Ba3 Ne8 46.Bc1 Kf6 47.Kd4 h4 48.Ke4 Nd6+ 49.Kf3 Kf5
50.h3 Nc4 51.Be3 Ne5+ 52.Kg2 Nf7 53.Kf3 Ne5+  1/2-1/2

[Event "USA-ch"]
[Site "?"]
[Date "1988.??.??"]
[Round "?"]
[White "Fedorowicz, John P"]
[Black "Alburt, Lev O"]
[Result "1-0"]
[WhiteElo "2520"]
[BlackElo "2525"]

1.d4 Nf6 2.c4 c5 3.d5 b5 4.cxb5 a6 5.e3 Bb7 6.Nc3 Qa5 7.Bd2 Qb6 8.bxa6 Nxa6
9.e4 e6 10.Bc4 Nxe4 11.Nxe4 exd5 12.Bxa6 Bxa6 13.Ng3 Bd6 14.N1e2 O-O 15.O-O Be5
16.Re1 Qxb2 17.Rc1 Qb6 18.Nf4 Bxf4 19.Bxf4 Qf6 20.Be5 Qc6 21.Nf5 Rfe8 22.Bd6 Bc4
23.Qg4 g6 24.Ne7+ Rxe7 25.Bxe7 f6 26.Qf4 Kf7 27.Bd6 g5 28.Qg3 Rxa2 29.Re7+ Kg6
30.Qh3  1-0

[Event "USA-ch"]
[Site "?"]
[Date "1988.??.??"]
[Round "?"]
[White "Alburt, Lev O"]
[Black "Wilder, Michael"]
[Result "0-1"]
[WhiteElo "2525"]
[BlackElo "2505"]

1.d4 Nf6 2.c4 e6 3.g3 Bb4+ 4.Bd2 a5 5.Bg2 d6 6.Nf3 Nbd7 7.O-O e5 8.Bg5 exd4
9.Nxd4 O-O 10.Qc2 h6 11.Bf4 Ne5 12.Rd1 Ng6 13.Bd2 Re8 14.Nc3 Qe7 15.a3 Bc5
16.Nb3 Bb6 17.Na4 Ba7 18.c5 Bd7 19.Nxa5 Qxe2 20.Nc3 Qh5 21.Nxb7 Ng4 22.h3 Nxf2
23.Kxf2 Bxc5+ 24.Nxc5 Qxc5+ 25.Kf1 Bb5+ 26.Nxb5 Qxc2 27.Bxa8 Qd3+  0-1

[Event "US op"]
[Site "Chicago"]
[Date "1989.??.??"]
[Round "6"]
[White "Shipman, Walter"]
[Black "Alburt, Lev O"]
[Result "0-1"]
[WhiteElo "2330"]
[BlackElo "2520"]

1.d4 Nf6 2.g3 d5 3.c4 dxc4 4.Nf3 c5 5.Qa4+ Bd7 6.Qxc4 cxd4 7.Bg2 Nc6 8.Nxd4 Na5
9.Qd3 e5 10.Nb5 Bc6 11.Qxd8+ Rxd8 12.Bxc6+ Nxc6 13.Bg5 a6 14.Bxf6 gxf6 15.N5a3 Nb4
16.Nc3 Bc5 17.O-O b5 18.Rfd1 Ke7 19.Rxd8 Rxd8 20.Rc1 Bd4 21.Nab1 Ke6 22.a3 Nd5
23.Nxd5 Rxd5 24.e4 Rd6 25.Rc2 f5 26.Nd2 Rb6 27.exf5+ Kxf5 28.Kg2 Ke6 29.g4 Kd5
30.b3 Rg6 31.h3 h5 32.f3 f5 33.Kg3 Be3 34.Nb1 Bf4+ 35.Kf2 hxg4 36.fxg4 fxg4
37.hxg4 Kd4 38.Rc8 Rxg4 39.Nc3 Be3+ 40.Kf3 Rf4+ 41.Kg3 Rf6 42.a4 bxa4 43.Rc4+ Kd3
44.Nxa4 Rg6+ 45.Kh3 Bd4 46.Rc8 e4 47.Rd8 Ke3 48.Rd7 Kf3 49.Rf7+ Rf6 50.Rxf6+ Bxf6
51.Nc5 e3 52.Nd3 Bc3  0-1

[Event "US op"]
[Site "Chicago"]
[Date "1989.??.??"]
[Round "9"]
[White "Alburt, Lev O"]
[Black "Kudrin, Sergey"]
[Result "1-0"]
[WhiteElo "2520"]
[BlackElo "2550"]

1.Nf3 c5 2.c4 b6 3.e3 g6 4.Be2 Bg7 5.d4 Nf6 6.Nc3 O-O 7.d5 d6 8.e4 a6 9.O-O b5
10.cxb5 axb5 11.Bxb5 Ba6 12.Qe2 Bxb5 13.Nxb5 Na6 14.Bd2 Nc7 15.Nxc7 Qxc7
16.Bc3 Ra4 17.Qc2 Rfa8 18.a3 Qa7 19.Rfe1 Ra6 20.Rad1 Qb7 21.Qd3 Nd7 22.Bxg7 Kxg7
23.Qc3+ f6 24.Rb1 Rb6 25.Nd2 Rb8 26.b3 Ra6 27.Ra1 Qa7 28.a4 Qb7 29.Rec1 Qb4
30.Qd3 Ra7 31.Rc4 Qa5 32.f4 Nb6 33.Rc3 Qb4 34.h3 Rf8 35.Nc4 Nxc4 36.Rxc4 Qb6
37.Re1 Rb8 38.Re3 Rab7 39.Qc2 Qa7 40.e5 Rb4 41.exd6 exd6 42.f5 Qf7 43.Rxb4 Rxb4
44.Re6 Qd7 45.Qc3 Qd8 46.a5 Rd4 47.a6 Rxd5 48.a7 Re5 49.Rxe5 fxe5 50.f6+ Kf7
51.Qc4+ Kxf6 52.Qd5  1-0

[Event "New York exh"]
[Site "New York"]
[Date "1989.??.??"]
[Round "1"]
[White "Alburt, Lev O"]
[Black "Ivanov, Alexander"]
[Result "1/2-1/2"]
[WhiteElo "2520"]
[BlackElo "2470"]

1.d4 Nf6 2.c4 e6 3.g3 Bb4+ 4.Nd2 c5 5.dxc5 Nc6 6.Bg2 O-O 7.Nf3 Bxc5 8.Nb3 Bb4+
9.Bd2 a5 10.O-O d5 11.cxd5 Nxd5 12.e4 Nb6 13.Qe2 Bxd2 14.Rfd1 a4 15.Rxd2 Qe7
16.Nbd4 Nxd4 17.Nxd4 Ra5 18.Rc1 Rc5 19.Rdc2 Rxc2 20.Qxc2 Bd7 21.Qc5 Qxc5
22.Rxc5 Rc8 23.Rxc8+ Bxc8 24.b3 axb3 25.axb3 e5 26.Nf5 Kf8 27.Kf1 Be6 28.b4 Nc4
29.Ke2 g6 30.Ne3 Nxe3 31.Kxe3  1/2-1/2